Estudios sobre la condición jurídica de los hijos ilegítimos según los principios y el Código civil vigente / (Record no. 24964)

MARC details
000 -LEADER
campo de control de longitud fija 00861nam a2200229 i 4500
001 - NÚMERO DE CONTROL
campo de control 24964
003 - IDENTIFICADOR DE NÚMERO DE CONTROL
campo de control ES-MaACL
005 - FECHA Y HORA DE LA ÚLTIMA TRANSACCIÓN
campo de control 20230906153153.0
007 - CAMPO FIJO DE DESCRIPCIÓN FÍSICA--INFORMACIÓN GENERAL
campo de control de longitud fija t|
008 - DATOS DE LONGITUD FIJA--INFORMACIÓN GENERAL
campo de control de longitud fija 021219s1906 sp ||||1| spa d
100 1# - ENTRADA PRINCIPAL--NOMBRE DE PERSONA
Nombre de persona Angulo Laguna, Diego.
9 (RLIN) 21789
245 10 - MENCIÓN DEL TÍTULO
Título Estudios sobre la condición jurídica de los hijos ilegítimos según los principios y el Código civil vigente /
Mención de responsabilidad, etc. por Diego Angulo Laguna ; con un prólogo de Federico de Castro.
250 ## - MENCION DE EDICION
Mención de edición 2ª ed. corr. y aum.
260 ## - PUBLICACIÓN, DISTRIBUCIÓN, ETC.
Lugar de publicación, distribución, etc. Madrid :
Nombre del editor, distribuidor, etc. Hijos de Reus,
Fecha de publicación, distribución, etc. 1906.
300 ## - DESCRIPCIÓN FÍSICA
Extensión 212 p. ;
Dimensiones 23 x 15 cm.
490 1# - MENCIÓN DE SERIE
Mención de serie Biblioteca jurídica de autores españoles y extranjeros
650 00 - PUNTO DE ACCESO ADICIONAL DE MATERIA--TÉRMINO DE MATERIA
Término de materia o nombre geográfico como elemento de entrada Hijos naturales.
9 (RLIN) 13361
700 1# - ENTRADA AGREGADA--NOMBRE PERSONAL
Nombre de persona Castro, Federico de.
9 (RLIN) 36851
830 1# - PUNTO DE ACCESO ADICIONAL DE SERIE-TÍTULO UNIFORME
Título uniforme Biblioteca jurídica de autores españoles y extranjeros
9 (RLIN) 182228
852 ## - LOCALIZACIÓN
Ubicación ES-MaACL
Número de control de estantería F-14590
Holdings
Estatus retirado Estado de pérdida Estado de daño No para préstamo Biblioteca de origen Biblioteca actual Ubicación en estantería Fecha de adquisición Fuente de adquisición Total de préstamos Signatura topográfica completa Código de barras Visto por última vez Precio de reemplazo Tipo de ítem Koha
        Biblioteca del Ateneo de Madrid Biblioteca del Ateneo de Madrid Sala Pecera Planta 2 17/01/2008     F-14590 1025739 23/02/2023 23/02/2023 Libro impreso